MDQL
is popping MORE tags! Check the
thread
!
Quizzes
Events
Quiz Creation
Community
Videos
Private Events
Remove Ads
Sign In
Join for FREE
Feedback
Dark Mode
Quiz Categories
Sports
Geography
Music
Movies
Television
Just For Fun
Miscellaneous
History
Literature
Language
Science
Gaming
Entertainment
Religion
Holiday
For Kids
Quiz Lab
Recent
Popular Today
Quiz Kudos Today
Editor Picks
Curator Picks
Quizzes by...
Day
Popularity
Type
Ratings
Length
Year
Community
Subscriptions
Recent Discussions
Orange Saloon
Badges
Playlists
Quests
Create
Leaderboards
Showdown
Live 5
Trivia Bingo
Activity
Puzzle Library
Sporcle Events
Private Events
Virtual Trivia
Globe League
Become a Host
Pub Owners
SporcleCon
Opinionation
Our Games
Videos
Blog
Mobile Apps
Partnerships
Remove Ads and Go Orange
Feedback
Just For Fun
Clickable
Get the Picture
Humor
Quick Pick
Word Ladder
Missing Word
Mixed Word
Blitz
Minefield
This or That
Alphabet
Color
Typing
Sporcle
Puzzle
Word Play
Follow That Line
Logic
Just For Fun
Clickable
Get the Picture
Humor
Quick Pick
Word Ladder
Missing Word
Mixed Word
Blitz
Minefield
This or That
Alphabet
Color
Typing
Sporcle
Puzzle
Word Play
Follow That Line
Logic
Random Quiz
Search Sporcle
×
Quiz Lab
Quiz Lab
Just For Fun
Food
Type in answers that appear in a list
Type in answers that appear in a list
Classic
Best Score? Go Orange.
Paper Products Stats
Can you name the Paper Products with no hints whatsoever?????
By
groovyme7
4m
9 Questions
35 Plays
35 Plays
35 Plays
Comments
Comments
Give Quiz Kudos
Give Quiz Kudos
-
- Ratings
hide this ad
Random Order
Randomize order of answers
Randomize order of answers
Replay
Link that replays current quiz
Next Quiz
Link to next quiz in quiz playlist
You Got
0%
They Got
Avg Score
47%
Avg Friend Score
Upgrade to see
Score Distribution
Jump to the score distribution portion of the page
Score
0/9
Timer
04:00
0
Plays Today
Product
% Correct
Toilet Paper
80%
Paper Towel
77.1%
Napkin
65.7%
Tissue
62.9%
Plate
45.7%
Cup
40%
Tissue Paper
22.9%
Construction Paper
20%
Wallpaper
17.1%
Quiz Playlist
Details
Report
Send in Message
Add To Playlist
Classic:
Type in answers that appear in a list
Random Order:
Randomize order of answers
Last Updated: Feb 16, 2017
Quiz Scoreboard
CHALLENGE
Sign Up to Join the Scoreboard
Show All
Scores
Hide
Comments
May contain spoilers
Recently Published
Image Sorting: Flags VI
by Barbecue
Geography
2m
Find the 'City' Movie
by crazypaving
Movies
60s
Colored Red Africa Blitz
by spor1
Geography
45s
More to Explore
Quiz From the Vault
Featured Blog Post
14 Easter Pick-up Lines to Find Eggs With
hide this ad
You Might Also Like...
Tags
Food Quiz
cup
Paper
Paperclip
plate
star
Today's Top Quizzes in Just For Fun
Browse Just For Fun
hide this ad
Today's Top Quizzes in Food
Browse Food
Top Contributed Quizzes in Just For Fun
1
Name Just One - 10 to 1: Just For Fun
2
Missing Word: 2-Letter A-Z II
3
Missing Letter Whitney Houston Songs
4
Avatar the Last Airbender: Logic Puzzle
5
It's Magic / Witchcraft 🎩🪄🧙♀️
6
Survivor Winners Logic Puzzle
7
Missing Word: 'Of' Things A-Z
8
Killer Double Trees 224 - Colour Match-Up
9
Click the Differences: Playground
10
Missing Word: 'Of' Things A-Z II
Explore More
Trending Topics
Kpop
Crossword
Anime
NBA
Disney
Marvel
Harry Potter
NFL
Country
Song
Pokémon
Soccer
Puzzle
The Office
WWE
hide this ad
More By:
groovyme7
Quiz
Plays
Rating
Category
Featured
Created
Traveling Soldier Lyrics
925
2.33
Music
Feb 1, 2012
A Wrinkle in Time Trivia
866
2.00
Literature
Feb 1, 2011
Juices
446
2.43
Just For Fun
Feb 28, 2011
Random Band Instruments
338
1.22
Entertainment
Jan 23, 2011
Words from the Japanese Language
323
1.33
Language
Feb 9, 2011
Go to Creator's Profile
Score Distribution
Quiz Creator Spotlight
groovyme7
Follow
Send a Message
Quizzes Created
-
Created Quiz Play Count
-
More By This Creator
Popular Quizzes Today
1
Colored Red Africa Blitz
2
Find the US States - No Outlines Minefield
3
Find the 'City' Movie
4
5x2 Blitz: Bands
5
The Countries of the World
6
Find the US States
7
Find the Countries of Europe - No Outlines Minefield
8
US States
More Just For Fun Quizzes
Perplexing Parrots Logic Puzzle
Published
Trending Quizzes
Colored Red Europe Blitz I
Colored Red Africa Blitz II
Colored Red Europe Blitz II
Colored Red Africa Blitz III
Colored Red Europe Blitz III
Recently Updated
How Do You Spell That?
pecheneg
Godzilla Movies
pecheneg
Grab Bag: 4-10 Letters
pecheneg
2024 March Madness Bracket
pecheneg
Famous TV Couples
Peacemaker
Champions League XIs: Real Madrid
pecheneg
Largest US Cities 1790-2010
pecheneg
Rides in Walt Disney World
pecheneg
Most Oscar Losses (Acting)
pecheneg
Beyoncé Albums
pecheneg
Trending Topics
Marvel
Kpop
Disney
NBA
Crossword
Harry Potter
Anime
Soccer
Puzzle
WWE
Song
NFL
Pokémon
Country
The Office
Your Account Isn't Verified!
In order to create a playlist on Sporcle, you need to verify the email address you used during registration. Go to your
Sporcle Settings
to finish the process.
Report this User
Report this user for behavior that violates our
Community Guidelines
.
Details:
Send Report
Go to the Sporcle.com Mobile Site →
Comments